[Event "Wch U20 Girls 40th"]
[Site "Gandhinagar"]
[Date "2024.06.13"]
[Round "11"]
[White "Prasiddhi, Bhat"]
[Black "Radhika, Sharma"]
[Result "1-0"]
[WhiteElo "1715"]
[BlackElo "1651"]
[PlyCount "80"]
[EventDate "2024.06.02"]
[EventType "swiss"]
[EventRounds "11"]
[EventCountry "IND"]
[SourceTitle "CBM 220 Extra"]
[Source "ChessBase"]
[SourceDate "2024.07.31"]
[SourceVersion "1"]
[SourceVersionDate "2024.07.31"]
[SourceQuality "1"]

1. d4 Nf6 2. e3 e6 3. Nf3 d5 4. Bd3 Be7 5. 0-0 0-0 6. b3 b6 7. Bb2 Bb7 8. Nbd2 c5 9. Ne5 Nc6 10. a3 Qc7 11. f4 Rac8 12. Rc1 Na5 13. c4 Ne4 14. b4 Nxd2 15. Qxd2 Nxc4 16. Nxc4 dxc4 17. Bxc4 Qd6 18. Bc3 Rfd8 19. Qb2 cxb4 20. Bxb4 Qd7 21. Qe2 a5 22. Bb5 Bc6 23. Bxc6 Rxc6 24. Rxc6 axb4 25. Rxb6 bxa3 26. Qa6 Qd5 27. Qb7 Bf8 28. Qxd5 Rxd5 29. Ra6 Rb5 30. Rc1 g6 31. Rc8 Kg7 32. Rc7 Bd6 33. Rd7 Bb4 34. Raa7 g5 35. Rxf7+ Kg6 36. Rg7+ Kh5 37. Rxg5+ Rxg5 38. fxg5 Kxg5 39. Rxh7 Kf5 40. Kf2 Ke4 1-0

[Event "Wch U20 Girls 40th"]
[Site "Gandhinagar"]
[Date "2024.06.12"]
[Round "10"]
[White "Radhika, Sharma"]
[Black "Drishtee, Ghosh"]
[Result "0-1"]
[WhiteElo "1651"]
[BlackElo "1700"]
[PlyCount "83"]
[EventDate "2024.06.02"]
[EventType "swiss"]
[EventRounds "11"]
[EventCountry "IND"]
[SourceTitle "CBM 220 Extra"]
[Source "ChessBase"]
[SourceDate "2024.07.31"]
[SourceVersion "1"]
[SourceVersionDate "2024.07.31"]
[SourceQuality "1"]

1. Nf3 d5 2. d4 Nf6 3. c4 e6 4. g3 Be7 5. Bg2 0-0 6. 0-0 dxc4 7. Ne5 Nc6 8. Nxc6 bxc6 9. Bxc6 Rb8 10. Bg2 Bb7 11. Bxb7 Rxb7 12. Nc3 Qd7 13. e3 Rc8 14. Qe2 c5 15. Qxc4 Rb4 16. Qe2 cxd4 17. exd4 Qxd4 18. Be3 Qe5 19. Rfe1 Qb8 20. Nd1 Nd5 21. Qa6 Nxe3 22. Rxe3 Bf6 23. Re2 Rd8 24. Rb1 h5 25. a3 Rb3 26. Re3 h4 27. Qc4 Rb5 28. b3 Qb7 29. Qe4 Qa6 30. b4 Rbd5 31. Qc2 Rd2 32. Qb3 Qb7 33. g4 Qb5 34. Nc3 Qg5 35. h3 R2d3 36. Rxd3 Rxd3 37. Qa4 Rxc3 38. Qe8+ Kh7 39. Qxf7 Rxh3 40. Qxe6 Rxa3 41. Qf5+ Qxf5 42. gxf5 0-1

[Event "Wch U20 Girls 40th"]
[Site "Gandhinagar"]
[Date "2024.06.10"]
[Round "8"]
[White "Radhika, Sharma"]
[Black "Fang, Kun"]
[Result "1-0"]
[WhiteElo "1651"]
[BlackElo "1803"]
[PlyCount "77"]
[EventDate "2024.06.02"]
[EventType "swiss"]
[EventRounds "11"]
[EventCountry "IND"]
[SourceTitle "CBM 220 Extra"]
[Source "ChessBase"]
[SourceDate "2024.07.31"]
[SourceVersion "1"]
[SourceVersionDate "2024.07.31"]
[SourceQuality "1"]

1. Nf3 d5 2. d4 Nf6 3. c4 c6 4. g3 g6 5. Bg2 Bg7 6. 0-0 0-0 7. Nc3 dxc4 8. Ne5 Be6 9. a4 Nbd7 10. Nf3 h6 11. e4 Ne8 12. Qe2 Nc7 13. h3 Rc8 14. Rd1 a5 15. Be3 Na6 16. Nh4 g5 17. d5 gxh4 18. dxe6 fxe6 19. Qxc4 Kh7 20. Qxe6 Ndc5 21. Qc4 Qb6 22. e5 Qb4 23. Qe2 hxg3 24. fxg3 Qb3 25. Ra3 Qe6 26. Qc2+ Kh8 27. Ne2 Qf5 28. Rd2 Qxc2 29. Rxc2 Ne6 30. Nf4 Nxf4 31. gxf4 Nb4 32. Rd2 Rcd8 33. Rxd8 Rxd8 34. Bb6 Rd1+ 35. Kh2 Rd2 36. Rb3 Nd3 37. Bxa5 Rd1 38. Bf3 Rb1 39. Rxd3 1-0

[Event "Wch U20 Girls 40th"]
[Site "Gandhinagar"]
[Date "2024.06.03"]
[Round "2"]
[White "Radhika, Sharma"]
[Black "Sindhusree, K."]
[Result "0-1"]
[WhiteElo "1651"]
[BlackElo "1846"]
[PlyCount "72"]
[EventDate "2024.06.02"]
[EventType "swiss"]
[EventRounds "11"]
[EventCountry "IND"]
[SourceTitle "CBM 220 Extra"]
[Source "ChessBase"]
[SourceDate "2024.07.31"]
[SourceVersion "1"]
[SourceVersionDate "2024.07.31"]
[SourceQuality "1"]

1. Nf3 d5 2. d4 Nf6 3. c4 e6 4. g3 dxc4 5. Bg2 Nbd7 6. 0-0 Rb8 7. a4 a6 8. Qc2 Bd6 9. Qxc4 b5 10. axb5 Rxb5 11. Nc3 Rb4 12. Qd3 0-0 13. Rd1 Qe7 14. Qc2 Bb7 15. e4 e5 16. dxe5 Nxe5 17. Nd4 g6 18. b3 c5 19. Nde2 c4 20. Qd2 Bc5 21. bxc4 Nxc4 22. Qg5 Nb2 23. Bxb2 Rxb2 24. Rab1 Rxb1 25. Rxb1 Bc8 26. e5 Ng4 27. Qxe7 Bxe7 28. Nd5 Bc5 29. Nf6+ Kg7 30. Nxg4 Bxg4 31. Nf4 Bd4 32. Rb4 Bxe5 33. Nd3 Rd8 34. Rxg4 Rxd3 35. Ra4 Bd4 36. Kf1 Rd2 0-1

[Event "Wch U20 Girls 40th"]
[Site "Gandhinagar"]
[Date "2024.06.02"]
[Round "1"]
[White "Ishvi, Aggarwal"]
[Black "Radhika, Sharma"]
[Result "1-0"]
[WhiteElo "1928"]
[BlackElo "1651"]
[PlyCount "109"]
[EventDate "2024.06.02"]
[EventType "swiss"]
[EventRounds "11"]
[EventCountry "IND"]
[SourceTitle "CBM 220 Extra"]
[Source "ChessBase"]
[SourceDate "2024.07.31"]
[SourceVersion "1"]
[SourceVersionDate "2024.07.31"]
[SourceQuality "1"]

1. d4 Nf6 2. Bf4 e6 3. e3 d5 4. Nd2 Bd6 5. Bg3 0-0 6. Ngf3 c6 7. c4 Qe7 8. Bxd6 Qxd6 9. Ne5 Nbd7 10. f4 dxc4 11. Ndxc4 Qb4+ 12. Qd2 Qxd2+ 13. Kxd2 c5 14. dxc5 Nxc5 15. Be2 Nfe4+ 16. Kc2 f6 17. Nf3 Bd7 18. b4 Ba4+ 19. Kb2 Na6 20. a3 Rac8 21. Rac1 Nc7 22. Na5 Nd6 23. Bd1 Bxd1 24. Rhxd1 Nd5 25. e4 Rxc1 26. Kxc1 Rc8+ 27. Kb2 Nxe4 28. Nxb7 Ne3 29. Rd8+ Rxd8 30. Nxd8 Nxg2 31. Nxe6 Nd6 32. a4 Kf7 33. Nfd4 Ne3 34. Kb3 g6 35. b5 Nd5 36. Nd8+ Ke8 37. N8c6 Nc8 38. a5 Kd7 39. f5 gxf5 40. Nxf5 Kc7 41. Kc4 Nf4 42. Nce7 Kd7 43. Nxc8 Kxc8 44. Ne7+ Kb7 45. Nd5 Nh5 46. a6+ Kb8 47. Kc5 f5 48. Kd4 Ng7 49. Ke5 Kc8 50. Kd6 Ne8+ 51. Kc6 Kb8 52. b6 axb6 53. Kxb6 f4 54. a7+ Ka8 55. Ka6 1-0